|
|
|
|
| LEADER |
00000cam a2200000 7i4500 |
| 001 |
0000003806 |
| 005 |
20110706.0 |
| 020 |
0 |
0 |
|a 9781405189521
|
| 090 |
0 |
0 |
|a 577.34
|b TRO 2008
|
| 245 |
0 |
0 |
|a Tropical forest community ecology
|c edited by Walter P Carson, Stefan A.Schnitzer & Smithsonian Tropical Research Institute
|
| 260 |
0 |
0 |
|a Oxford :
|b Wiley Blackwell ,
|c 2008
|
| 300 |
|
|
|a xvi, 517 p.. :
|b ill.maps ;
|c 26 cm.
|
| 500 |
0 |
0 |
|a Includes bibliographies reference and indexes
|
| 650 |
0 |
0 |
|a Rain forest ecology
|
| 700 |
0 |
1 |
|a Carson, Walter P.
|
| 700 |
0 |
1 |
|a Smithsonian Tropical Research Institute
|
| 998 |
|
|
|a JPSM
|
| 999 |
|
|
|a 007401
|b Monograph
|c Open Shelf
|e Default branch
|